00664nam a22002177a 450000500170000001000150001702000260003203500130005803500170007103500130008803700130010103700210011408200100013510000220014524500870016726000350025427000650028930000200035450000500037470000220042420180308121634.0 aENG-109785 a9788191087352c925.00 aEN-93318 aB-537202-206 aB-667692 bDBAD/PUB bK.K.Pub/Venadpl a027.7 aAvhad,Sharad T. 00aAcademic librarianship in 21st century /cby Sharad T. Avhad [and] Vinay P. Haware aKanpurbGarima Prakashanc2013 a1st floor, Mayur Park, Basant Vihar NaubastabKanpure208021 a304p.c22cm(Hb) aIncludes bibliographical references and index aHaware, Vinay P.